[Event "4NCL/Div1/HKF1 vs. AD"]
[Site "Birmingham ENG"]
[Date "2006.04.29"]
[Round "9.3"]
[White "Arkell, Keith C"]
[Black "Mestel, A Jonathan"]
[Result "1/2-1/2"]
[WhiteElo "2475"]
[BlackElo "2491"]
[PlyCount "139"]
[EventDate "2006.04.29"]
[EventType "team"]
[EventRounds "11"]
[EventCountry "ENG"]
[WhiteTeam "H Kingfisher 1"]
[BlackTeam "The ADs 1"]

1. d4 Nf6 2. Nf3 e6 3. c4 c5 4. d5 exd5 5. cxd5 d6 6. Nc3 g6 7. g3 Bg7 8. Bg2
O-O 9. O-O Re8 10. Nd2 a6 11. a4 Nbd7 12. Nc4 Nb6 13. Na3 Bd7 14. a5 Nc8 15.
Nc4 Bb5 16. Qb3 Bxc4 17. Qxc4 Nd7 18. Qd3 Qc7 19. Ra4 Ne5 20. Qc2 b5 21. axb6
Nxb6 22. Ra2 c4 23. Bf4 Nbd7 24. Ne4 Reb8 25. Bd2 Rb5 26. Rc1 Nc5 27. Nxc5 Qxc5
28. h3 Rb3 29. Bc3 Qb6 30. Rca1 h5 31. Kf1 Kh7 32. Qd2 Nd7 33. Bxg7 Kxg7 34.
Rc1 Rb8 35. Rc2 Kg8 36. Bf3 Ne5 37. Kg2 Ra8 38. Be4 a5 39. f4 Re3 40. fxe5 Rxe4
41. exd6 Qxd6 42. Ra3 Rae8 43. Rf3 R8e5 44. Qxa5 Rxd5 45. Qa8+ Kg7 46. Qa3 Qe6
47. Qc3+ Kg8 48. Rf2 Rde5 49. Qd2 Re3 50. Qd8+ Kh7 51. Qc7 Qd5+ 52. Kh2 Rf5 53.
Rxf5 Qxf5 54. Qf4 Qe6 55. Qxc4 Qxc4 56. Rxc4 Rxe2+ 57. Kg1 Rxb2 58. Rc7 Kg7 59.
h4 Kf6 60. Rc4 Ke5 61. Rf4 f6 62. Rf3 Re2 63. Rf1 f5 64. Rf3 Rd2 65. Re3+ Kf6
66. Ra3 f4 67. Rf3 Rd4 68. Kg2 Ke5 69. Kh3 Rc4 70. gxf4+ 1/2-1/2

[Event "4NCL/Div1/HKF1 vs. AD"]
[Site "Birmingham ENG"]
[Date "2006.04.29"]
[Round "9.4"]
[White "Hennigan, Michael T"]
[Black "Williams, Simon K"]
[Result "0-1"]
[WhiteElo "2400"]
[BlackElo "2478"]
[PlyCount "56"]
[EventDate "2006.04.29"]
[EventType "team"]
[EventRounds "11"]
[EventCountry "ENG"]
[WhiteTeam "The ADs 1"]
[BlackTeam "H Kingfisher 1"]

1. g3 f5 2. Bg2 Nf6 3. d3 e5 4. Nf3 d6 5. c4 Be7 6. Nc3 O-O 7. O-O Qe8 8. e3
Bd8 9. b4 Qh5 10. Ne1 Qh6 11. f4 c6 12. Nf3 exf4 13. gxf4 Re8 14. Qb3 Kh8 15.
Bd2 Nbd7 16. Rae1 Nf8 17. Ng5 Qg6 18. Rf3 Ng4 19. Nh3 Qh5 20. b5 Bd7 21. a4 Ng6
22. Bh1 Bb6 23. d4 Nxf4 24. Nxf4 Qxh2+ 25. Kf1 Qxd2 26. Re2 Qc1+ 27. Re1 Nh2+
28. Ke2 Nxf3 0-1

[Event "4NCL/Div1/HKF1 vs. AD"]
[Site "Birmingham ENG"]
[Date "2006.04.29"]
[Round "9.5"]
[White "Berzinsh, Roland"]
[Black "Jirka, Jiri"]
[Result "1/2-1/2"]
[WhiteElo "2451"]
[BlackElo "2393"]
[PlyCount "120"]
[EventDate "2006.04.29"]
[EventType "team"]
[EventRounds "11"]
[EventCountry "ENG"]
[WhiteTeam "H Kingfisher 1"]
[BlackTeam "The ADs 1"]

1. e4 e5 2. Nf3 Nc6 3. Bb5 Nd4 4. Nxd4 exd4 5. Bc4 c6 6. O-O h5 7. d3 Bc5 8.
Nd2 d5 9. Bb3 Ne7 10. h3 Qd6 11. Nf3 Qg6 12. Kh1 Bg4 13. exd5 cxd5 14. Ne5 Qe6
15. Ba4+ Kd8 16. f3 Qxe5 17. fxg4 g5 18. Qe1 Qxe1 19. Rxe1 hxg4 20. Bxg5 gxh3
21. Re5 hxg2+ 22. Kxg2 Rg8 23. Rxd5+ Kc7 24. Rxc5+ Kd6 25. Kf3 f6 26. Rc4 Rxg5
27. Rxd4+ Kc5 28. Re4 Nd5 29. b4+ Kd6 30. c4 Rf5+ 31. Kg3 Rg8+ 32. Rg4 Rxg4+
33. Kxg4 Rg5+ 34. Kf3 Nxb4 35. Rb1 Nxa2 36. Rxb7 a5 37. d4 Nb4 38. Rd7+ Ke6 39.
c5 Rh5 40. c6 Rh3+ 41. Ke4 f5+ 42. Kf4 Nd5+ 43. Kg5 Rg3+ 44. Kh4 Rg4+ 45. Kh3
Rxd4 46. Bc2 f4 47. Bh7 Ke5 48. c7 Nb6 49. Rxd4 Kxd4 50. Kg2 Ke5 51. Kf3 a4 52.
Bc2 a3 53. Bb3 Kd6 54. Kxf4 Kxc7 55. Ke3 Kc6 56. Kd2 Kb5 57. Kc2 Kb4 58. Be6
Na4 59. Kb1 Nc5 60. Bf7 Nb3 1/2-1/2

[Event "4NCL/Div1/HKF1 vs. AD"]
[Site "Birmingham ENG"]
[Date "2006.04.29"]
[Round "9.6"]
[White "Cernousek, Lukas"]
[Black "Trent, Lawrence"]
[Result "0-1"]
[WhiteElo "2422"]
[BlackElo "2423"]
[PlyCount "76"]
[EventDate "2006.04.29"]
[EventType "team"]
[EventRounds "11"]
[EventCountry "ENG"]
[WhiteTeam "The ADs 1"]
[BlackTeam "H Kingfisher 1"]

1. d4 d5 2. c4 e5 3. dxe5 d4 4. Nf3 Nc6 5. g3 Nge7 6. Bg2 Ng6 7. Bg5 Qd7 8. e6
fxe6 9. O-O e5 10. Bc1 Be7 11. Ng5 Bxg5 12. Bxg5 O-O 13. Bc1 Qf5 14. Nd2 Qh5
15. Ne4 h6 16. Qd3 Nb4 17. Qb3 a5 18. a3 Nc6 19. Qd3 Nge7 20. b3 b6 21. Bd2 Qg6
22. b4 Bf5 23. b5 Nd8 24. c5 Kh8 25. cxb6 cxb6 26. e3 Ne6 27. exd4 Rad8 28.
Rae1 Nxd4 29. Qb1 Nd5 30. Qb2 Bg4 31. f4 Ne2+ 32. Rxe2 Bxe2 33. Re1 exf4 34.
Rxe2 f3 35. Bxf3 Rxf3 36. Qd4 Rff8 37. Qc4 Qg4 38. Bc1 Rc8 0-1

[Event "4NCL/Div1/HKF1 vs. AD"]
[Site "Birmingham ENG"]
[Date "2006.04.29"]
[Round "9.7"]
[White "Greet, Andrew N"]
[Black "Richardson, John R"]
[Result "1-0"]
[WhiteElo "2418"]
[BlackElo "2356"]
[PlyCount "49"]
[EventDate "2006.04.29"]
[EventType "team"]
[EventRounds "11"]
[EventCountry "ENG"]
[WhiteTeam "H Kingfisher 1"]
[BlackTeam "The ADs 1"]

1. e4 c6 2. d4 d5 3. Nc3 dxe4 4. Nxe4 Nd7 5. Ng5 Ngf6 6. Bd3 e6 7. N1f3 Bd6 8.
Qe2 h6 9. Ne4 Nxe4 10. Qxe4 Qc7 11. O-O b6 12. Qg4 Bb7 13. Qxg7 O-O-O 14. Qxf7
c5 15. dxc5 bxc5 16. Qxe6 Rde8 17. Qh3 Kb8 18. Bd2 c4 19. Bf5 Nc5 20. Rae1 Ne4
21. Bc3 Rhg8 22. Nd4 Nxc3 23. Rxe8+ Rxe8 24. bxc3 Bf4 25. Bg4 1-0

[Event "4NCL/Div1/HKF1 vs. AD"]
[Site "Birmingham ENG"]
[Date "2006.04.29"]
[Round "9.8"]
[White "Bellin, Jana"]
[Black "Houska, Jovanka"]
[Result "1/2-1/2"]
[WhiteElo "2170"]
[BlackElo "2378"]
[PlyCount "104"]
[EventDate "2006.04.29"]
[EventType "team"]
[EventRounds "11"]
[EventCountry "ENG"]
[WhiteTeam "The ADs 1"]
[BlackTeam "H Kingfisher 1"]

1. d4 d5 2. c4 c6 3. Nf3 Nf6 4. e3 Bf5 5. Nc3 e6 6. Nh4 Be4 7. f3 Bg6 8. Qb3
Qc7 9. cxd5 exd5 10. Bd2 Bd6 11. O-O-O Nbd7 12. g3 Qb6 13. Nxg6 Qxb3 14. axb3
hxg6 15. Be2 Bb4 16. h4 O-O-O 17. Be1 g5 18. g4 Rde8 19. Kd2 Rh7 20. Rg1 gxh4
21. g5 Ng8 22. Rh1 h3 23. Bf1 Ne7 24. Rxh3 Rxh3 25. Bxh3 Rh8 26. Bg4 Rh2+ 27.
Kc1 Bd6 28. Rd2 Rh1 29. Re2 Kd8 30. Kc2 f5 31. gxf6 Nxf6 32. Be6 b6 33. e4 dxe4
34. fxe4 Bf4 35. Bd2 g5 36. e5 Nh5 37. Ne4 Ng7 38. Bg4 Rg1 39. Nf6 Ngf5 40.
Bxf5 Nxf5 41. Kd3 Rd1 42. d5 cxd5 43. Nxd5 Rxd2+ 44. Rxd2 Bxd2 45. Kxd2 Kd7 46.
Kd3 Ke6 47. Ke4 Ng3+ 48. Kd4 g4 49. Nf4+ Kf5 50. Ng2 Ke6 51. Nf4+ Kf5 52. Ng2
Ke6 1/2-1/2

[Event "4NCL/Div1/SLOS1 vs. WGR2"]
[Site "Birmingham ENG"]
[Date "2006.04.29"]
[Round "9.1"]
[White "Schenk, Andreas"]
[Black "Lalic, Bogdan"]
[Result "1/2-1/2"]
[WhiteElo "2503"]
[BlackElo "2480"]
[PlyCount "36"]
[EventDate "2006.04.29"]
[EventType "team"]
[EventRounds "11"]
[EventCountry "ENG"]
[WhiteTeam "Slough Sharks 1"]
[BlackTeam "Wood Green 2"]

1. d4 Nf6 2. c4 e6 3. Nc3 Bb4 4. Qc2 O-O 5. a3 Bxc3+ 6. Qxc3 b6 7. Bg5 Bb7 8.
f3 h6 9. Bh4 d5 10. e3 Nbd7 11. cxd5 Nxd5 12. Bxd8 Nxc3 13. Bh4 Nd5 14. Bf2 c5
15. e4 Ne7 16. Bb5 Bc6 17. Bxc6 Nxc6 18. Ne2 cxd4 1/2-1/2

[Event "4NCL/Div1/SLOS1 vs. WGR2"]
[Site "Birmingham ENG"]
[Date "2006.04.29"]
[Round "9.2"]
[White "Ward, Christopher"]
[Black "Pert, Nicholas"]
[Result "1/2-1/2"]
[WhiteElo "2467"]
[BlackElo "2494"]
[PlyCount "56"]
[EventDate "2006.04.29"]
[EventType "team"]
[EventRounds "11"]
[EventCountry "ENG"]
[WhiteTeam "Wood Green 2"]
[BlackTeam "Slough Sharks 1"]

1. d4 d5 2. c4 c6 3. Nc3 Nf6 4. Nf3 dxc4 5. a4 Bf5 6. Ne5 Nbd7 7. Nxc4 Qc7 8.
g3 e5 9. dxe5 Nxe5 10. Bf4 Nfd7 11. Bg2 g5 12. Bxe5 Nxe5 13. Qd4 f6 14. O-O-O
Be7 15. Ne3 Bg6 16. Ne4 Qa5 17. Nc4 Nxc4 18. Qxc4 Bf7 19. Qc2 Qb4 20. Rd3 O-O
21. Rhd1 Rad8 22. Rxd8 Rxd8 23. Rxd8+ Bxd8 24. Nc3 Bc7 25. Be4 h6 26. Bg6 Be5
27. Bxf7+ Kxf7 28. h3 Bxc3 1/2-1/2

[Event "4NCL/Div1/SLOS1 vs. WGR2"]
[Site "Birmingham ENG"]
[Date "2006.04.29"]
[Round "9.3"]
[White "Jones, Gawain C B"]
[Black "Turner, Matthew J"]
[Result "0-1"]
[WhiteElo "2410"]
[BlackElo "2495"]
[PlyCount "58"]
[EventDate "2006.04.29"]
[EventType "team"]
[EventRounds "11"]
[EventCountry "ENG"]
[WhiteTeam "Slough Sharks 1"]
[BlackTeam "Wood Green 2"]

1. e4 c5 2. Nf3 Nc6 3. Bb5 g6 4. O-O Bg7 5. c3 e5 6. d4 cxd4 7. cxd4 exd4 8.
Bf4 a6 9. Bc4 d6 10. Qb3 Na5 11. Bxf7+ Ke7 12. Qd5 Nf6 13. Bxd6+ Qxd6 14. Qxa5
Kxf7 15. e5 Qd5 16. Qc7+ Bd7 17. exf6 Bxf6 18. Nc3 dxc3 19. Rad1 Rac8 20. Qxd7+
Qxd7 21. Rxd7+ Ke6 22. Rxb7 c2 23. Rb6+ Kd7 24. Rc1 Rhd8 25. g4 Ke7 26. Re1+
Kf7 27. Kg2 Rd1 28. Ree6 Bg7 29. Ng5+ Kg8 0-1

[Event "4NCL/Div1/SLOS1 vs. WGR2"]
[Site "Birmingham ENG"]
[Date "2006.04.29"]
[Round "9.4"]
[White "Arakhamia-Grant, Ketevan"]
[Black "McNab, Colin A"]
[Result "1-0"]
[WhiteElo "2423"]
[BlackElo "2437"]
[PlyCount "91"]
[EventDate "2006.04.29"]
[EventType "team"]
[EventRounds "11"]
[EventCountry "ENG"]
[WhiteTeam "Wood Green 2"]
[BlackTeam "Slough Sharks 1"]

1. e4 g6 2. d4 d6 3. Nc3 Bg7 4. Be3 Nf6 5. Nf3 c6 6. Qd2 Qa5 7. h3 Nbd7 8. Bd3
e5 9. O-O O-O 10. Rfd1 Re8 11. a4 exd4 12. Nxd4 Qc7 13. f3 a5 14. Bf1 Nc5 15.
Nde2 Bf8 16. g4 Be6 17. Bg2 Rad8 18. Bd4 Nfd7 19. f4 Bc4 20. Ng3 Ne6 21. Bf2 d5
22. b3 d4 23. Na2 Ba6 24. e5 d3 25. c4 Ndc5 26. Nc1 Nd4 27. Qc3 Nc2 28. Rb1 Nb4
29. Ne4 Nxe4 30. Bxe4 g5 31. Nxd3 Nxd3 32. Rxd3 gxf4 33. Bh4 Rxd3 34. Qxd3 Qxe5
35. Bxh7+ Kg7 36. Re1 Bc5+ 37. Kg2 Be3 38. Bf5 b5 39. Bf2 bxc4 40. bxc4 f3+ 41.
Kh1 Rh8 42. g5 Bxc4 43. Qxe3 Qxf5 44. Qd4+ f6 45. gxf6+ Qxf6 46. Rg1+ 1-0

[Event "4NCL/Div1/SLOS1 vs. WGR2"]
[Site "Birmingham ENG"]
[Date "2006.04.29"]
[Round "9.5"]
[White "Gourlay, Iain"]
[Black "Levitt, Jonathan P"]
[Result "1/2-1/2"]
[WhiteElo "2340"]
[BlackElo "2448"]
[PlyCount "24"]
[EventDate "2006.04.29"]
[EventType "team"]
[EventRounds "11"]
[EventCountry "ENG"]
[WhiteTeam "Slough Sharks 1"]
[BlackTeam "Wood Green 2"]

1. Nf3 Nf6 2. g3 g6 3. c4 Bg7 4. Bg2 c6 5. O-O O-O 6. Nc3 d5 7. cxd5 cxd5 8. d4
a6 9. Ne5 e6 10. e4 Nxe4 11. Nxe4 dxe4 12. Bxe4 Nd7 1/2-1/2

[Event "4NCL/Div1/SLOS1 vs. WGR2"]
[Site "Birmingham ENG"]
[Date "2006.04.29"]
[Round "9.6"]
[White "Bellon Lopez, Juan M"]
[Black "Martyn, Rafe"]
[Result "1-0"]
[WhiteElo "2440"]
[BlackElo "2323"]
[PlyCount "67"]
[EventDate "2006.04.29"]
[EventType "team"]
[EventRounds "11"]
[EventCountry "ENG"]
[WhiteTeam "Wood Green 2"]
[BlackTeam "Slough Sharks 1"]

1. d4 Nf6 2. Bg5 d5 3. Bxf6 exf6 4. e3 Bd6 5. c4 dxc4 6. Bxc4 O-O 7. Nc3 f5 8.
Rc1 Nd7 9. Nf3 Nf6 10. Qd2 Qe7 11. O-O c6 12. Bd3 g6 13. Rfe1 Be6 14. a3 Rfe8
15. g3 Rad8 16. Bf1 Nd5 17. Bg2 Nxc3 18. Qxc3 Bd5 19. Nd2 Bxg2 20. Kxg2 c5 21.
dxc5 Bxc5 22. Nf3 Bb6 23. Red1 Qe4 24. h4 h5 25. b4 Rxd1 26. Rxd1 Rd8 27. Rc1
Rd3 28. Qf6 Rd8 29. Qc3 Rd3 30. Qb2 Rd8 31. a4 a5 32. bxa5 Bxa5 33. Rc5 b6 34.
Rc2 1-0

[Event "4NCL/Div1/SLOS1 vs. WGR2"]
[Site "Birmingham ENG"]
[Date "2006.04.29"]
[Round "9.7"]
[White "Ignacz, Maria"]
[Black "Martin, Andrew D"]
[Result "0-1"]
[WhiteElo "2228"]
[BlackElo "2433"]
[PlyCount "72"]
[EventDate "2006.04.29"]
[EventType "team"]
[EventRounds "11"]
[EventCountry "ENG"]
[WhiteTeam "Slough Sharks 1"]
[BlackTeam "Wood Green 2"]

1. d4 Nf6 2. c4 c5 3. d5 e5 4. Nc3 d6 5. g3 g6 6. Bg2 Bg7 7. e4 O-O 8. Nge2 a6
9. O-O Nbd7 10. Bg5 Rb8 11. a4 Qe8 12. Nc1 Nh5 13. Nd3 f5 14. exf5 gxf5 15. g4
h6 16. Bh4 Nf4 17. Nxf4 exf4 18. gxf5 Ne5 19. Ne4 f3 20. Bxf3 Bxf5 21. Re1 Qd7
22. Bg3 Nxc4 23. Qe2 Ne5 24. Bxe5 Bxe5 25. Kh1 Rbe8 26. Rg1+ Kh8 27. Qd2 Qh7
28. Rae1 Bg6 29. Bg2 Rf4 30. Ng3 Ref8 31. Re2 Rxa4 32. Bh3 h5 33. Qe1 h4 34.
Rxe5 hxg3 35. Rxg3 dxe5 36. Qxe5+ Qg7 0-1

[Event "4NCL/Div1/HKF1 vs. BAR1"]
[Site "Birmingham ENG"]
[Date "2006.05.01"]
[Round "11.1"]
[White "Andersson, Ulf"]
[Black "Parker, Jonathan"]
[Result "1/2-1/2"]
[WhiteElo "2545"]
[BlackElo "2504"]
[PlyCount "37"]
[EventDate "2006.05.01"]
[EventType "team"]
[EventRounds "11"]
[EventCountry "ENG"]
[WhiteTeam "H Kingfisher 1"]
[BlackTeam "Barbican 4NCL 1"]

1. Nf3 Nf6 2. c4 e6 3. d4 d5 4. Nc3 Bb4 5. cxd5 exd5 6. Bg5 h6 7. Bxf6 Qxf6 8.
Rc1 O-O 9. a3 Bxc3+ 10. Rxc3 c6 11. e3 Qe7 12. Be2 Bg4 13. O-O Nd7 14. b4 a6
15. Nd2 Bxe2 16. Qxe2 Nb6 17. Rb1 Rfe8 18. Qd1 Nc8 19. a4 1/2-1/2

[Event "4NCL/Div1/HKF1 vs. BAR1"]
[Site "Birmingham ENG"]
[Date "2006.05.01"]
[Round "11.2"]
[White "Cox, John J"]
[Black "Williams, Simon K"]
[Result "1-0"]
[WhiteElo "2423"]
[BlackElo "2478"]
[PlyCount "53"]
[EventDate "2006.05.01"]
[EventType "team"]
[EventRounds "11"]
[EventCountry "ENG"]
[WhiteTeam "Barbican 4NCL 1"]
[BlackTeam "H Kingfisher 1"]

1. d4 e6 2. c4 f5 3. g3 Nf6 4. Bg2 Be7 5. Nf3 O-O 6. O-O d6 7. Nc3 Ne4 8. Nxe4
fxe4 9. Nd2 d5 10. f3 Nc6 11. fxe4 Rxf1+ 12. Nxf1 dxc4 13. Be3 b5 14. a4 b4 15.
e5 Bb7 16. Qc2 Nxd4 17. Qxc4 Bxg2 18. Kxg2 c5 19. Bxd4 Qxd4 20. Qxe6+ Kh8 21.
Qxe7 Qxb2 22. Re1 Qd4 23. Rc1 Rc8 24. Qd6 Qe4+ 25. Kg1 Qf5 26. Rc4 Qf7 27. e6
1-0

[Event "4NCL/Div1/HKF1 vs. BAR1"]
[Site "Birmingham ENG"]
[Date "2006.05.01"]
[Round "11.3"]
[White "Wells, Peter K"]
[Black "Devereaux, Maxim"]
[Result "1/2-1/2"]
[WhiteElo "2495"]
[BlackElo "2367"]
[PlyCount "31"]
[EventDate "2006.05.01"]
[EventType "team"]
[EventRounds "11"]
[EventCountry "ENG"]
[WhiteTeam "H Kingfisher 1"]
[BlackTeam "Barbican 4NCL 1"]

1. d4 d5 2. c4 c6 3. Nc3 Nf6 4. e3 a6 5. Qc2 b5 6. b3 e6 7. Nf3 Bb7 8. Be2 Nbd7
9. O-O Be7 10. c5 Qc7 11. e4 b4 12. exd5 cxd5 13. Na4 O-O 14. Bd2 a5 15. Rfc1
Rfc8 16. a3 1/2-1/2

[Event "4NCL/Div1/HKF1 vs. BAR1"]
[Site "Birmingham ENG"]
[Date "2006.05.01"]
[Round "11.4"]
[White "Knott, Simon"]
[Black "Trent, Lawrence"]
[Result "1/2-1/2"]
[WhiteElo "2378"]
[BlackElo "2423"]
[PlyCount "50"]
[EventDate "2006.05.01"]
[EventType "team"]
[EventRounds "11"]
[EventCountry "ENG"]
[WhiteTeam "Barbican 4NCL 1"]
[BlackTeam "H Kingfisher 1"]

1. Nf3 Nf6 2. c4 e6 3. Nc3 d5 4. d4 Nbd7 5. cxd5 exd5 6. Bf4 c6 7. e3 Be7 8. h3
O-O 9. Bd3 Re8 10. O-O Nf8 11. Qc2 Ng6 12. Bh2 Bd6 13. Bxd6 Qxd6 14. Rab1 Bd7
15. b4 b5 16. a4 a6 17. Rfe1 Re7 18. e4 dxe4 19. Nxe4 Nxe4 20. Rxe4 Bf5 21.
Rxe7 Bxd3 22. Qxd3 Nxe7 23. Ng5 Qg6 24. Qxg6 hxg6 25. a5 Nd5 1/2-1/2

[Event "4NCL/Div1/HKF1 vs. BAR1"]
[Site "Birmingham ENG"]
[Date "2006.05.01"]
[Round "11.5"]
[White "Arkell, Keith C"]
[Black "Collins, Sam"]
[Result "1/2-1/2"]
[WhiteElo "2475"]
[BlackElo "2409"]
[PlyCount "66"]
[EventDate "2006.05.01"]
[EventType "team"]
[EventRounds "11"]
[EventCountry "ENG"]
[WhiteTeam "H Kingfisher 1"]
[BlackTeam "Barbican 4NCL 1"]

1. d4 Nf6 2. Nf3 d5 3. Bf4 c6 4. Nbd2 g6 5. e3 Bg7 6. h3 Qb6 7. Rb1 O-O 8. Bd3
c5 9. c3 Nc6 10. O-O Nd7 11. b4 cxd4 12. cxd4 e5 13. dxe5 Ndxe5 14. Nxe5 Nxe5
15. Bxe5 Bxe5 16. Nf3 Bg7 17. Bc2 Be6 18. a4 Rac8 19. Ng5 d4 20. Nxe6 Qxe6 21.
Bb3 Qe5 22. exd4 Qxd4 23. Qf3 Rc7 24. Rfd1 Qf6 25. Qe3 b6 26. Rd3 Qh4 27. b5
Bh6 28. Qd4 Qxd4 29. Rxd4 Rfc8 30. Rbd1 Bg5 31. Bd5 Rc1 32. Rxc1 Rxc1+ 33. Kh2
Rc2 1/2-1/2

[Event "4NCL/Div1/HKF1 vs. BAR1"]
[Site "Birmingham ENG"]
[Date "2006.05.01"]
[Round "11.6"]
[White "Ferguson, Mark"]
[Black "Greet, Andrew N"]
[Result "0-1"]
[WhiteElo "2388"]
[BlackElo "2418"]
[PlyCount "98"]
[EventDate "2006.05.01"]
[EventType "team"]
[EventRounds "11"]
[EventCountry "ENG"]
[WhiteTeam "Barbican 4NCL 1"]
[BlackTeam "H Kingfisher 1"]

1. e4 e5 2. Nf3 Nc6 3. Bc4 Nf6 4. d3 Be7 5. O-O O-O 6. Re1 d6 7. a4 h6 8. a5 a6
9. h3 Be6 10. Nc3 Bxc4 11. dxc4 Nh7 12. Be3 Bg5 13. Nd5 Rc8 14. Qd2 Bxe3 15.
Rxe3 Ng5 16. Nxg5 Qxg5 17. Qd3 Nd4 18. Rg3 Qd8 19. Ne3 Kh7 20. Qd1 g6 21. c3
Ne6 22. Qc2 Nf4 23. Rd1 Qe7 24. Rf3 c6 25. Kh2 Qe6 26. h4 Rc7 27. Rh1 Kh8 28.
g3 Nh5 29. Rd1 Rd7 30. Qd3 Ng7 31. Ng2 f5 32. b3 Rf6 33. Qe3 Kh7 34. Re1 Rdf7
35. Re2 f4 36. gxf4 Nh5 37. f5 gxf5 38. exf5 Rxf5 39. Rxf5 Rxf5 40. Qe4 Kh8 41.
Qg4 Qf7 42. Rd2 Rf6 43. Qc8+ Kh7 44. Qd8 Rg6 45. Rxd6 Rg7 46. Qc8 Qxf2 47. Qh3
Nf6 48. Rd1 Ng4+ 49. Kh1 Qe2 0-1

[Event "4NCL/Div1/HKF1 vs. BAR1"]
[Site "Birmingham ENG"]
[Date "2006.05.01"]
[Round "11.7"]
[White "Berzinsh, Roland"]
[Black "Palliser, Richard"]
[Result "1/2-1/2"]
[WhiteElo "2451"]
[BlackElo "2401"]
[PlyCount "89"]
[EventDate "2006.05.01"]
[EventType "team"]
[EventRounds "11"]
[EventCountry "ENG"]
[WhiteTeam "H Kingfisher 1"]
[BlackTeam "Barbican 4NCL 1"]

1. e4 c5 2. Nf3 d6 3. Bc4 Nf6 4. d3 Nc6 5. c3 g6 6. Bb3 Bg7 7. O-O O-O 8. Re1
b6 9. h3 Ba6 10. Na3 Nd7 11. d4 cxd4 12. cxd4 Rc8 13. Bg5 h6 14. Be3 Na5 15.
Bc2 Bb7 16. b4 Nc4 17. Nxc4 Rxc4 18. Qd3 Rxb4 19. Bb3 e5 20. Qd2 a5 21. Bxh6
exd4 22. Bxg7 Kxg7 23. Nxd4 Qf6 24. Rad1 Nc5 25. Bd5 Bxd5 26. exd5 Rh8 27. Re2
Rh4 28. Nc6 Ne4 29. Qc2 Nc3 30. Nxb4 Nxe2+ 31. Qxe2 Rxb4 32. Qe3 Rb2 33. a3 Ra2
34. Rd3 b5 35. Rb3 Rb2 36. Rc3 b4 37. axb4 axb4 38. Rc8 b3 39. Rb8 Rb1+ 40. Kh2
b2 41. Qd2 g5 42. Rb4 Qe5+ 43. g3 Kf8 44. Rb8+ Kg7 45. Rb4 1/2-1/2

[Event "4NCL/Div1/HKF1 vs. BAR1"]
[Site "Birmingham ENG"]
[Date "2006.05.01"]
[Round "11.8"]
[White "Lauterbach, Ingrid"]
[Black "Houska, Jovanka"]
[Result "0-1"]
[WhiteElo "2131"]
[BlackElo "2378"]
[PlyCount "80"]
[EventDate "2006.05.01"]
[EventType "team"]
[EventRounds "11"]
[EventCountry "ENG"]
[WhiteTeam "Barbican 4NCL 1"]
[BlackTeam "H Kingfisher 1"]

1. Nf3 d5 2. d3 Nf6 3. Nbd2 c6 4. e4 Bg4 5. Be2 e6 6. O-O Be7 7. Ne5 Bxe2 8.
Qxe2 Qc7 9. f4 dxe4 10. dxe4 a5 11. a4 Na6 12. Nd3 Rd8 13. Kh1 Nb4 14. Nxb4
Bxb4 15. c3 Be7 16. Nc4 Bc5 17. f5 e5 18. Bg5 Be7 19. Be3 Nd7 20. Rad1 O-O 21.
Bf2 f6 22. Rd3 Nc5 23. Rh3 Rf7 24. Qc2 Qd7 25. Bxc5 Bxc5 26. Nxa5 b6 27. Nc4 b5
28. axb5 cxb5 29. Na5 Qc7 30. Nb3 Rfd7 31. Qe2 Qc6 32. Qc2 Bb6 33. Rhf3 Qc4 34.
Rc1 h6 35. Rff1 Rd3 36. Rce1 b4 37. Re2 bxc3 38. Nc1 Re3 39. bxc3 Kh7 40. Rd1
Rxc3 0-1

[Event "4NCL/Div1/BAR2 vs. SLOS1"]
[Site "Birmingham ENG"]
[Date "2006.05.01"]
[Round "11.1"]
[White "Collinson, Adam"]
[Black "Schenk, Andreas"]
[Result "1/2-1/2"]
[WhiteElo "2385"]
[BlackElo "2503"]
[PlyCount "48"]
[EventDate "2006.05.01"]
[EventType "team"]
[EventRounds "11"]
[EventCountry "ENG"]
[WhiteTeam "Barbican 4NCL 2"]
[BlackTeam "Slough Sharks 1"]

1. e4 c5 2. c3 Nf6 3. d3 Nc6 4. f4 g6 5. Nf3 Bg7 6. Be2 O-O 7. Na3 Rb8 8. O-O
d6 9. Kh1 b5 10. Nc2 b4 11. c4 Bg4 12. Qe1 Nd7 13. Ne3 Bxf3 14. Bxf3 Nd4 15.
Bd1 e6 16. Bd2 a5 17. Rb1 Qe7 18. Qf2 f5 19. exf5 gxf5 20. Nc2 Kh8 21. Nxd4
cxd4 22. Bf3 Nc5 23. Qe2 Qf6 24. a3 Nb3 1/2-1/2

[Event "4NCL/Div1/BAR2 vs. SLOS1"]
[Site "Birmingham ENG"]
[Date "2006.05.01"]
[Round "11.3"]
[White "Berry, Neil"]
[Black "McNab, Colin A"]
[Result "1/2-1/2"]
[WhiteElo "2285"]
[BlackElo "2437"]
[PlyCount "42"]
[EventDate "2006.05.01"]
[EventType "team"]
[EventRounds "11"]
[EventCountry "ENG"]
[WhiteTeam "Barbican 4NCL 2"]
[BlackTeam "Slough Sharks 1"]

1. d4 d6 2. Nf3 g6 3. c4 Bg7 4. e4 Bg4 5. Be2 Nc6 6. Be3 Bxf3 7. Bxf3 e5 8. d5
Nd4 9. Bxd4 exd4 10. Nd2 c5 11. dxc6 bxc6 12. b4 Rb8 13. Qa4 Ne7 14. a3 O-O 15.
O-O Qc7 16. Rad1 Rfd8 17. Nb3 c5 18. b5 Nc8 19. Na5 Ne7 20. Nb3 Nc8 21. Na5 Ne7
1/2-1/2

[Event "4NCL/Div1/BAR2 vs. SLOS1"]
[Site "Birmingham ENG"]
[Date "2006.05.01"]
[Round "11.4"]
[White "Jones, Gawain C B"]
[Black "Taylor, Peter"]
[Result "1-0"]
[WhiteElo "2410"]
[BlackElo "2240"]
[PlyCount "81"]
[EventDate "2006.05.01"]
[EventType "team"]
[EventRounds "11"]
[EventCountry "ENG"]
[WhiteTeam "Slough Sharks 1"]
[BlackTeam "Barbican 4NCL 2"]

1. e4 c6 2. c4 d5 3. cxd5 cxd5 4. exd5 Nf6 5. Qa4+ Nbd7 6. Nc3 g6 7. Nf3 Bg7 8.
Bc4 O-O 9. d3 Nb6 10. Qb3 Bg4 11. Ng5 Rc8 12. Be3 h6 13. Nge4 Nxe4 14. Nxe4 Qc7
15. Bxb6 axb6 16. O-O Bd4 17. Rae1 Qf4 18. Ng3 Qf6 19. Ne4 Qf4 20. a4 Kg7 21.
Qb4 Rc7 22. Ng3 Qf6 23. Ne4 Qf4 24. Kh1 h5 25. f3 Be5 26. Ng3 Bf5 27. Nxf5+
gxf5 28. g3 Qd4 29. Qd2 Bf6 30. b3 Rh8 31. Qf4 Qxf4 32. gxf4 Bc3 33. Re2 Bb4
34. d4 Bd6 35. Rg1+ Kf6 36. Re5 e6 37. dxe6 Bxe5 38. fxe5+ Ke7 39. d5 Rxc4 40.
bxc4 fxe6 41. Rg7+ 1-0

[Event "4NCL/Div1/BAR2 vs. SLOS1"]
[Site "Birmingham ENG"]
[Date "2006.05.01"]
[Round "11.5"]
[White "Taylor, Martin R"]
[Black "Gourlay, Iain"]
[Result "1/2-1/2"]
[WhiteElo "2305"]
[BlackElo "2340"]
[PlyCount "77"]
[EventDate "2006.05.01"]
[EventType "team"]
[EventRounds "11"]
[EventCountry "ENG"]
[WhiteTeam "Barbican 4NCL 2"]
[BlackTeam "Slough Sharks 1"]

1. d4 Nf6 2. Bg5 e6 3. Nd2 h6 4. Bh4 c5 5. e3 Be7 6. Ngf3 b6 7. Bd3 Bb7 8. O-O
O-O 9. c3 d6 10. Re1 Nbd7 11. e4 cxd4 12. cxd4 Rc8 13. a4 e5 14. a5 Re8 15.
axb6 axb6 16. Bb5 Bc6 17. Qb3 Bxb5 18. Qxb5 Rc2 19. Nc4 Qc7 20. Ne3 Rc6 21.
Bxf6 Bxf6 22. Nd5 Qb7 23. Ra7 Qxa7 24. Qxc6 exd4 25. Qxd6 Re6 26. Nxf6+ Nxf6
27. Qxd4 Nxe4 28. Qd8+ Kh7 29. Qd3 Kg8 30. Qd8+ Kh7 31. h3 Nc5 32. Rxe6 Nxe6
33. Qd3+ Kg8 34. Qb5 Qc7 35. g3 Qc1+ 36. Kg2 Qc7 37. Qe8+ Kh7 38. Qb5 Kg8 39.
Qe8+ 1/2-1/2